000 00768nam a2200229 a 4500
001 000007046
003 DO-SdBPM
005 20241101133051.0
008 090904s1999 dr ab r 000 0 spa d
020 _a8489953147
040 _aDO-SdBPM
_bspa
_cBPMSU
082 4 _a769.567293
_bM948e 1999
_222
100 1 _aMueses, Danilo A.,
_d1934-
245 1 0 _aEmisiones postales dominicanas (1865-1965) /
_cDanilo A. Mueses.
260 _aSanto Domingo :
_bBanco Central de la República Dominicana,
_c1999.
300 _a334 p. :
_bil., map. ;
_c28 cm.
504 _aBibliografía : p. 331-334
590 _aInventariado, 2024/VM
650 4 _aSellos postales
_zRepública Dominicana
_xHistoria
_y1865-1965
910 _aVMateo V. Control de calidad. BPMSU
942 _2ddc
_cBK
999 _c14844
_d14844